| 000 | 00527cam a22002052a 4500 | ||
|---|---|---|---|
| 001 | 023293 | ||
| 003 | AR-FADEU | ||
| 008 | 311216n1989####xxu####################dd | ||
| 020 | _a950-600-140-5 | ||
| 092 |
_a331.889 4 _bN975 _eBDT |
||
| 100 | _aNun, José | ||
| 245 | _aCrisis económica y despidos en masa : dos estudios de casos | ||
| 260 | _aBuenos Aires | ||
| 260 | _bLegasa | ||
| 260 | _c1989 | ||
| 300 | _a164 p | ||
| 440 | _aNueva información | ||
| 650 | _aTRABAJADORES; DESPIDOS OBREROS/BDT/ | ||
| 942 | _cBDT | ||
| 999 |
_c28983 _d28983 |
||